000 00709 a2200205 4500
010 _aENG-89261
020 _c500.00
_a9788189239381
035 _aEN-72794
037 _bDBAD / PUB
082 1 4 _a070.4
090 _c10659
_d10659
100 1 _aWadhwa, Priyanka
245 1 _aDevelopment of journalism /
_cby Priyanka Wadhwa
260 _aNew Delhi
_bMurari Lal & Sons
_c2007
270 _a4378/4B, Ansari Road, Darya Ganj,
_bNew Delhi
_c110 002
_k23261839, 23285119
300 _av, 248p.
_c22cm (Hb)
500 _aIncludes bibliographical references and index
942 _adpl
_cEN
_k070.4 / WAD
999 _c10365
_d10365